[Event "Dimitrovgrad Summer op"]
[Site "Dimitrovgrad"]
[Date "2013.06.29"]
[Round "4"]
[White "Samborsky, Vadim"]
[Black "Hafijtullin, Gazimbek"]
[Result "1/2-1/2"]
[WhiteElo "2052"]
[BlackElo "1761"]
[PlyCount "108"]
[EventDate "2013.06.22"]
[EventType "swiss"]
[EventRounds "9"]
[EventCountry "RUS"]
[SourceTitle "EXT 2014"]
[Source "ChessBase"]
[SourceDate "2013.11.20"]
[SourceVersion "1"]
[SourceVersionDate "2013.11.20"]
[SourceQuality "1"]

1. e4 c5 2. c3 g6 3. d4 cxd4 4. cxd4 Bg7 5. Nc3 e6 6. Nf3 d5 7. e5 h6 8. Nb5 Bf8 9. Qc2 Na6 10. a3 Bd7 11. Bd2 Qb6 12. Nc3 Rc8 13. Bd3 Ne7 14. 0-0 Nf5 15. Be3 Be7 16. Rac1 g5 17. g4 Ng7 18. b4 Qd8 19. Qd2 Nb8 20. Rc2 a5 21. Rb1 axb4 22. axb4 h5 23. h3 hxg4 24. hxg4 Nc6 25. Ne2 Qb6 26. b5 Na5 27. Rxc8+ Bxc8 28. Qc3 Qd8 29. Bd2 b6 30. Qc1 Nc4 31. Bxg5 f6 32. exf6 Bxf6 33. Kg2 Qe7 34. Bxf6 Qxf6 35. Qf4 Qe7 36. Bg6+ Kd8 37. Qg5 e5 38. dxe5 Qxg5 39. Nxg5 Nxe5 40. Nf7+ Nxf7 41. Bxf7 Bxg4 42. f3 Bh3+ 43. Kf2 Be6 44. Bxe6 Nxe6 45. Rd1 Rh5 46. f4 Ke7 47. Kg3 Kd6 48. Rc1 d4 49. Rc6+ Kd5 50. Kf3 d3 51. Nc3+ Kd4 52. Rxe6 Kxc3 53. Rd6 Rxb5 54. Kg4 Rb4 1/2-1/2

[Event "Dimitrovgrad-ch"]
[Site "Dimitrovgrad"]
[Date "2012.02.25"]
[Round "9"]
[White "Hafijtullin, Gazimbek"]
[Black "Abbasov, Orudj"]
[Result "1/2-1/2"]
[WhiteElo "1778"]
[BlackElo "1703"]
[PlyCount "167"]
[EventDate "2012.02.19"]
[EventType "swiss"]
[EventRounds "9"]
[EventCountry "RUS"]
[SourceTitle "CBM 147 Extra"]
[Source "ChessBase"]
[SourceDate "2012.04.24"]
[SourceVersion "1"]
[SourceVersionDate "2012.04.24"]
[SourceQuality "1"]

1. e4 c5 2. c4 Nc6 3. g3 g6 4. Bg2 Bg7 5. Ne2 d6 6. Nbc3 Nf6 7. 0-0 0-0 8. a3 Be6 9. d3 Qc8 10. Nf4 Bg4 11. f3 Bd7 12. Rb1 h6 13. Be3 g5 14. Nfd5 Bh3 15. b4 Bxg2 16. Kxg2 Nxd5 17. cxd5 Nxb4 18. axb4 Bxc3 19. bxc5 dxc5 20. Rc1 Bb4 21. d4 c4 22. Qa4 a5 23. Qb5 c3 24. Rc2 Qc7 25. h4 gxh4 26. gxh4 Kh7 27. d6 Qxd6 28. Qf5+ Qg6+ 29. Qxg6+ fxg6 30. Rb1 Rfc8 31. Kf2 Rc4 32. Ke2 Rac8 33. Kd3 R4c6 34. d5 Rc4 35. Bd4 b5 36. Rbc1 Ba3 37. Rb1 Bb2 38. Rcxb2 cxb2 39. Rxb2 Rb4 40. Ra2 a4 41. Be5 Rb3+ 42. Ke2 Rc1 43. Kf2 a3 44. Kg2 Rcb1 45. Kg3 Rf1 46. d6 exd6 47. Bxd6 Rbxf3+ 48. Kg2 Rf7 49. Bxa3 R1f4 50. Re2 Rxh4 51. e5 Rg4+ 52. Kh2 b4 53. Bb2 Rf5 54. Kh3 Rff4 55. Rd2 Re4 56. Rd7+ Kg8 57. e6 Kf8 58. Bf6 Rxe6 59. Kxg4 Rxf6 60. Rb7 Rc6 61. Rxb4 Kf7 62. Rb7+ Kf6 63. Rb4 h5+ 64. Kh4 Kg7 65. Kg5 Rc5+ 66. Kh4 Kf6 67. Rf4+ Rf5 68. Ra4 Rb5 69. Rf4+ Kg7 70. Ra4 Kh6 71. Ra3 Rb4+ 72. Kh3 h4 73. Rc3 Kh5 74. Ra3 g5 75. Ra2 Rb3+ 76. Kh2 h3 77. Ra8 Kh4 78. Ra4+ g4 79. Ra1 Rb2+ 80. Kh1 h2 81. Rc1 Kh3 82. Rc3+ Kh4 83. Rh3+ Kg5 84. Rh5+ 1/2-1/2

[Event "Dimitrovgrad-ch"]
[Site "Dimitrovgrad"]
[Date "2012.02.21"]
[Round "3"]
[White "Hafijtullin, Gazimbek"]
[Black "Gilmatdinov, Rashit"]
[Result "1-0"]
[WhiteElo "1778"]
[BlackElo "1594"]
[PlyCount "77"]
[EventDate "2012.02.19"]
[EventType "swiss"]
[EventRounds "9"]
[EventCountry "RUS"]
[SourceTitle "CBM 147 Extra"]
[Source "ChessBase"]
[SourceDate "2012.04.24"]
[SourceVersion "1"]
[SourceVersionDate "2012.04.24"]
[SourceQuality "1"]

1. e4 c5 2. c4 Nf6 3. Nc3 e6 4. Qa4 a6 5. d3 Nc6 6. Bg5 Be7 7. Nge2 Qc7 8. f4 h6 9. Bh4 Ng8 10. Bg3 Nb4 11. Rd1 Qd8 12. a3 Nc6 13. Bf2 d6 14. g3 Bd7 15. Qc2 g5 16. Bg2 gxf4 17. Nxf4 Nf6 18. 0-0 Ng4 19. h3 Nxf2 20. Qxf2 Bf6 21. Nfe2 Bd4 22. Nxd4 Qe7 23. Nxc6 Bxc6 24. Qf6 Qxf6 25. Rxf6 Ke7 26. Rdf1 Raf8 27. Na2 Rh7 28. e5 d5 29. cxd5 exd5 30. Nc3 Rd8 31. h4 Rg7 32. Kh2 h5 33. Bh3 Rdg8 34. R1f3 d4 35. Ne4 Bd5 36. Rf2 Bxe4 37. dxe4 Rxg3 38. Rxf7+ Ke8 39. Rxb7 1-0

[Event "Dimitrovgrad Petrosian Memorial op"]
[Site "Dimitrovgrad"]
[Date "2011.06.25"]
[Round "4"]
[White "Ishpulaev, Ivan"]
[Black "Hafijtullin, Gazimbek"]
[Result "1/2-1/2"]
[WhiteElo "1478"]
[BlackElo "1769"]
[PlyCount "63"]
[EventDate "2011.06.18"]
[EventType "swiss"]
[EventRounds "9"]
[EventCountry "RUS"]
[SourceTitle "EXT 2012"]
[Source "ChessBase"]
[SourceDate "2011.11.24"]
[SourceVersion "1"]
[SourceVersionDate "2011.11.24"]
[SourceQuality "1"]

1. d4 g6 2. e4 Bg7 3. Nf3 e6 4. Bg5 f6 5. Bh4 Qe7 6. Ne5 Qb4+ 7. c3 Qxb2 8. Nd2 fxe5 9. Rc1 Qxa2 10. Bc4 Qa3 11. 0-0 Nc6 12. f4 exd4 13. f5 Bf6 14. Bxf6 Nxf6 15. fxg6 Qe7 16. Qf3 Rf8 17. gxh7 Qxh7 18. Rf2 dxc3 19. Qxc3 e5 20. Rcf1 Ke7 21. Bb5 a6 22. Bxc6 d6 23. Ba4 c6 24. Bb3 Ng4 25. Rf7+ Rxf7 26. Rxf7+ Qxf7 27. Bxf7 Kxf7 28. Nc4 Ke6 29. Nb6 Rb8 30. Nxc8 Rxc8 31. Qh3 Rg8 32. Qb3+ 1/2-1/2

[Event "Dimitrovgrad Petrosian Memorial op"]
[Site "Dimitrovgrad"]
[Date "2009.06.25"]
[Round "7"]
[White "Sahovski, Alexandr"]
[Black "Hafijtullin, Gazimbek"]
[Result "1/2-1/2"]
[WhiteElo "1868"]
[BlackElo "1757"]
[PlyCount "98"]
[EventDate "2009.06.17"]
[EventType "swiss"]
[EventRounds "9"]
[EventCountry "RUS"]
[SourceTitle "CBM 131 Extra"]
[Source "ChessBase"]
[SourceDate "2009.09.03"]
[SourceVersion "2"]
[SourceVersionDate "2009.09.16"]
[SourceQuality "1"]

1. d4 g6 2. Nf3 Bg7 3. e4 e6 4. Bd3 c6 5. 0-0 b5 6. c3 a5 7. a3 Bb7 8. Nbd2 Ne7 9. Nb3 Na6 10. Bg5 h6 11. Bh4 g5 12. Bg3 d5 13. Qc2 Rc8 14. h3 dxe4 15. Bxe4 f5 16. Bd3 a4 17. Nbd2 f4 18. Bh2 0-0 19. Rae1 Nc7 20. b3 axb3 21. Nxb3 Ned5 22. Nc5 Ba8 23. Nxe6 Nxe6 24. Rxe6 c5 25. Bxb5 cxd4 26. Ba6 Rxc3 27. Qd2 Nc7 28. Rg6 Nxa6 29. Rxa6 Bxf3 30. gxf3 Qc8 31. Qa2+ Kh8 32. Qe6 Qxe6 33. Rxe6 Rxa3 34. Kg2 Rd8 35. Rfe1 d3 36. Rd1 d2 37. h4 Ra1 38. Rxd2 Rxd2 39. hxg5 hxg5 40. Rg6 Raa2 41. Bg1 Bd4 42. Rxg5 Bxf2 43. Kh1 Bxg1 44. Rg4 Be3 45. Rg8+ Kh7 46. Rg7+ Kh6 47. Rg6+ Kh5 48. Rg5+ Kh4 49. Rg4+ Kh5 1/2-1/2

[Event "Dimitrovgrad Petrosian Memorial op"]
[Site "Dimitrovgrad"]
[Date "2009.06.22"]
[Round "5"]
[White "Hafijtullin, Gazimbek"]
[Black "Akimov, Gennadiy"]
[Result "1-0"]
[WhiteElo "1757"]
[BlackElo "2017"]
[PlyCount "87"]
[EventDate "2009.06.17"]
[EventType "swiss"]
[EventRounds "9"]
[EventCountry "RUS"]
[SourceTitle "CBM 131 Extra"]
[Source "ChessBase"]
[SourceDate "2009.09.03"]
[SourceVersion "2"]
[SourceVersionDate "2009.09.16"]
[SourceQuality "1"]

1. e4 e5 2. Bc4 Nf6 3. Nc3 Bc5 4. Nf3 d6 5. d3 h6 6. Na4 Bb4+ 7. c3 Ba5 8. b4 Bb6 9. Nxb6 axb6 10. Qb3 0-0 11. h3 c6 12. Qc2 d5 13. exd5 cxd5 14. Bb3 Bf5 15. Nxe5 Re8 16. f4 Nc6 17. Qe2 Nd7 18. d4 f6 19. Bxd5+ Kf8 20. Bxc6 bxc6 21. 0-0 fxe5 22. fxe5 g6 23. g4 Kg7 24. gxf5 gxf5 25. Rxf5 Re6 26. Qf2 Rg6+ 27. Kh2 c5 28. bxc5 bxc5 29. Be3 Qg8 30. a4 Qc4 31. dxc5 Nf8 32. Rf6 Rb8 33. Rxg6+ Nxg6 34. Qf6+ Kh7 35. Rg1 Rg8 36. Bd4 Qxa4 37. e6 Qe8 38. Qf7+ Qxf7 39. exf7 Rf8 40. Rf1 Ne7 41. Be5 Nc8 42. Bd6 Nxd6 43. cxd6 Kg7 44. c4 1-0

[Event "Dimitrovgrad Petrosian Memorial op"]
[Site "Dimitrovgrad"]
[Date "2009.06.19"]
[Round "3"]
[White "Umanski, Anatoli"]
[Black "Hafijtullin, Gazimbek"]
[Result "1/2-1/2"]
[WhiteElo "1837"]
[BlackElo "1757"]
[PlyCount "114"]
[EventDate "2009.06.17"]
[EventType "swiss"]
[EventRounds "9"]
[EventCountry "RUS"]
[SourceTitle "CBM 131 Extra"]
[Source "ChessBase"]
[SourceDate "2009.09.03"]
[SourceVersion "2"]
[SourceVersionDate "2009.09.16"]
[SourceQuality "1"]

1. e4 c5 2. Nc3 Nc6 3. f4 g6 4. Nf3 Bg7 5. g3 e6 6. Bg2 Nge7 7. d3 a6 8. 0-0 b6 9. Ne2 d5 10. c3 0-0 11. Be3 Rb8 12. Rc1 Qd6 13. Qc2 h5 14. a3 Rd8 15. Rfd1 Bb7 16. Bf2 b5 17. b4 c4 18. Bc5 Qd7 19. dxc4 bxc4 20. Rd2 Qc8 21. Rcd1 Bf6 22. Ned4 dxe4 23. Nxc6 Nxc6 24. Ne5 Rxd2 25. Rxd2 Nxe5 26. fxe5 Bxe5 27. Bxe4 Bxe4 28. Qxe4 Bxc3 29. Rc2 Bg7 30. Qxc4 Qd7 31. Qe2 Bd4+ 32. Kg2 Qd5+ 33. Qf3 Qxf3+ 34. Kxf3 Rc8 35. Ke4 Bg7 36. Kd3 f5 37. Be3 Rxc2 38. Kxc2 Kf7 39. a4 Bf8 40. b5 axb5 41. a5 Bd6 42. a6 Bb8 43. a7 Bxa7 44. Bxa7 e5 45. Kd3 Ke6 46. Bb8 Kd5 47. h4 b4 48. Bc7 b3 49. Kc3 Ke4 50. Kxb3 f4 51. gxf4 exf4 52. Kc3 Kf3 53. Kd2 Kg3 54. Ke2 Kxh4 55. Bxf4 Kg4 56. Bb8 h4 57. Kf2 g5 1/2-1/2

[Event "Dimitrovgrad-ch"]
[Site "Dimitrovgrad"]
[Date "2009.??.??"]
[Round "6"]
[White "Hafijtullin, Gazimbek"]
[Black "Lebedev, Victor2222"]
[Result "1-0"]
[WhiteElo "1755"]
[BlackElo "2035"]
[PlyCount "47"]
[EventDate "2009.08.??"]
[EventType "swiss"]
[EventRounds "9"]
[EventCountry "RUS"]
[SourceTitle "EXT 2012"]
[Source "ChessBase"]
[SourceDate "2011.11.24"]
[SourceVersion "1"]
[SourceVersionDate "2011.11.24"]
[SourceQuality "1"]

1. e4 c6 2. Nc3 d5 3. exd5 cxd5 4. d4 Nf6 5. Be3 Nc6 6. Nf3 Bg4 7. Bd3 e6 8. h3 Bh5 9. g4 Bg6 10. a3 a6 11. Ng5 Be7 12. Bxg6 hxg6 13. Qf3 Rc8 14. Ne2 0-0 15. h4 e5 16. c3 Qd7 17. Rg1 e4 18. Qg2 b5 19. Nf4 a5 20. h5 b4 21. hxg6 bxc3 22. bxc3 Nd8 23. Qh2 Bd6 24. Rh1 1-0

[Event "Dimitrovgrad-ch"]
[Site "Dimitrovgrad"]
[Date "2009.??.??"]
[Round "1"]
[White "Yakimkin, Igor"]
[Black "Hafijtullin, Gazimbek"]
[Result "1-0"]
[WhiteElo "2185"]
[BlackElo "1755"]
[PlyCount "91"]
[EventDate "2009.08.??"]
[EventType "swiss"]
[EventRounds "9"]
[EventCountry "RUS"]
[SourceTitle "EXT 2012"]
[Source "ChessBase"]
[SourceDate "2011.11.24"]
[SourceVersion "1"]
[SourceVersionDate "2011.11.24"]
[SourceQuality "1"]

1. e4 c5 2. Nf3 g6 3. d4 cxd4 4. Nxd4 Bg7 5. Nc3 Nc6 6. Be3 a6 7. Bc4 e6 8. Qd2 Nge7 9. a3 Ne5 10. Be2 b5 11. f4 Nc4 12. Bxc4 bxc4 13. 0-0 d5 14. e5 Bd7 15. b3 cxb3 16. cxb3 0-0 17. Kh1 Nc6 18. Nce2 Na5 19. Rfc1 Rb8 20. Rab1 Re8 21. Qd3 Bf8 22. a4 Ba3 23. Rf1 Qb6 24. f5 exf5 25. Nxf5 Bc5 26. Nh6+ Kh8 27. Nxf7+ Kg8 28. Nh6+ Kh8 29. Bg5 Be7 30. Bxe7 Rxe7 31. Qxd5 Kg7 32. Rf7+ Rxf7 33. Qxf7+ Kxh6 34. Qxd7 Qe3 35. Ng1 Qxe5 36. Rf1 Rb7 37. Qd2+ Qg5 38. Rf4 Kg7 39. Qc3+ Kh6 40. Rf3 Qd5 41. Qf6 Rxb3 42. Rf4 Qg5 43. Rh4+ Qxh4 44. Qxh4+ Kg7 45. Qd4+ Kh6 46. Qd2+ 1-0

[Event "Dimitrovgrad Petrosian Memorial op"]
[Site "Dimitrovgrad"]
[Date "2008.06.11"]
[Round "9"]
[White "Ulanov, Sergei"]
[Black "Hafijtullin, Gazimbek"]
[Result "0-1"]
[WhiteElo "2218"]
[BlackElo "1680"]
[PlyCount "29"]
[EventDate "2008.06.01"]
[EventType "swiss"]
[EventRounds "9"]
[EventCountry "RUS"]
[SourceTitle "CBM 124 Extra"]
[Source "ChessBase"]
[SourceDate "2008.07.03"]
[SourceVersion "1"]
[SourceVersionDate "2008.07.03"]
[SourceQuality "1"]

1. e4 c5 2. Nf3 Nf6 3. e5 Nd5 4. Nc3 Nxc3 5. dxc3 e6 6. Bd3 Nc6 7. 0-0 Qc7 8. Qe2 a6 9. a4 b6 10. Bf4 Bb7 11. Rfe1 f5 12. Ng5 g6 13. Rad1 h6 14. Nf3 a5 15. h4 0-1

[Event "Dimitrovgrad Petrosian Memorial op"]
[Site "Dimitrovgrad"]
[Date "2008.06.08"]
[Round "7"]
[White "Hafijtullin, Gazimbek"]
[Black "Akimov, Gennadiy"]
[Result "1/2-1/2"]
[WhiteElo "1680"]
[BlackElo "2072"]
[PlyCount "145"]
[EventDate "2008.06.01"]
[EventType "swiss"]
[EventRounds "9"]
[EventCountry "RUS"]
[SourceTitle "CBM 124 Extra"]
[Source "ChessBase"]
[SourceDate "2008.07.03"]
[SourceVersion "1"]
[SourceVersionDate "2008.07.03"]
[SourceQuality "1"]

1. e4 e5 2. Bc4 Nf6 3. Nc3 Be7 4. Nge2 0-0 5. 0-0 Nxe4 6. Nxe4 d5 7. Bxd5 Qxd5 8. N2c3 Qd8 9. d3 f5 10. Ng3 Nc6 11. f4 Bc5+ 12. Kh1 Qh4 13. fxe5 f4 14. Nge4 Bd4 15. g3 fxg3 16. Rxf8+ Kxf8 17. Qf3+ Kg8 18. Nxg3 Be6 19. Nce4 Bg4 20. Qg2 Bh3 21. Qe2 Bg4 22. Qg2 Rf8 23. Bg5 Qh3 24. Qxh3 Bxh3 25. c3 Bxe5 26. d4 Bf4 27. Bxf4 Rxf4 28. Re1 b6 29. Ng5 Bd7 30. d5 Nb8 31. Kg2 h6 32. Ne6 Bxe6 33. Rxe6 Kf8 34. Ne2 Rf7 35. Nd4 Nd7 36. b4 a5 37. bxa5 bxa5 38. Ra6 Nb6 39. Rxa5 Rd7 40. Kf3 Nxd5 41. Rc5 Ke7 42. Ke4 Nf6+ 43. Kf5 Kf7 44. h3 g6+ 45. Kf4 Ne8 46. a4 Rd6 47. a5 Ra6 48. Ke5 g5 49. Kd5 h5 50. Kc4 Rg6 51. Nc6 Rg8 52. a6 g4 53. hxg4 hxg4 54. Ne5+ Ke6 55. Nxg4 Rxg4+ 56. Kb5 Kd7 57. c4 Nd6+ 58. Kb4 Rg8 59. Ra5 Kc6 60. Ra1 Rb8+ 61. Kc3 Ra8 62. Kd4 Nc8 63. Ra2 Kb6 64. Kd5 c6+ 65. Ke6 Kc5 66. Kd7 Nb6+ 67. Kc7 Ra7+ 68. Kb8 Rh7 69. a7 Kxc4 70. Rb2 Kc5 71. Rb1 Rh8+ 72. Kb7 Rh7+ 73. Kb8 1/2-1/2

[Event "Dimitrovgrad Petrosian Memorial op"]
[Site "Dimitrovgrad"]
[Date "2008.06.05"]
[Round "4"]
[White "Hafijtullin, Gazimbek"]
[Black "Sychev, Sergey A"]
[Result "0-1"]
[WhiteElo "1680"]
[BlackElo "2295"]
[PlyCount "86"]
[EventDate "2008.06.01"]
[EventType "swiss"]
[EventRounds "9"]
[EventCountry "RUS"]
[SourceTitle "CBM 124 Extra"]
[Source "ChessBase"]
[SourceDate "2008.07.03"]
[SourceVersion "1"]
[SourceVersionDate "2008.07.03"]
[SourceQuality "1"]

1. e4 e5 2. Nf3 Nc6 3. Bc4 Nf6 4. Ng5 d5 5. exd5 Na5 6. Bb5+ c6 7. dxc6 bxc6 8. Ba4 h6 9. Nxf7 Kxf7 10. 0-0 Bd6 11. d3 Qc7 12. Bd2 Bd7 13. b4 Nb7 14. g3 Rhe8 15. c4 c5 16. a3 Bxa4 17. Qxa4 Nd8 18. Nc3 Ne6 19. Be3 Nd4 20. Bxd4 exd4 21. Nb5 Qd7 22. Qa6 Bf8 23. bxc5 Bxc5 24. Rab1 Bb6 25. c5 Bxc5 26. Nc7 Qxc7 27. Rb7 Qxb7 28. Qxb7+ Kg8 29. Kg2 Rab8 30. Qa6 Kh7 31. h3 Rb3 32. a4 Ra3 33. g4 Re5 34. Kg3 Bb6 35. h4 Ne4+ 36. Kg2 Nc5 37. Qc8 Nxd3 38. f4 Re2+ 39. Kh1 Nxf4 40. Qf5+ Ng6 41. Rf3 Rxf3 42. Qxf3 Re1+ 43. Kh2 Bc7+ 0-1